| 000 | 00812nam a2200193 a 4500 | ||
|---|---|---|---|
| 001 | BRCA_2135 | ||
| 005 | 20190320203701.0 | ||
| 008 | 130808s1992----mx-a---###---#000-0#spa-# | ||
| 050 | 4 |
_aF1391.P8 _b.L43 80 _c1992 |
|
| 100 | 1 |
_aTerán Bonilla, José Antonio _9966 |
|
| 245 | 1 | 0 |
_aManifestaciones barrocas en la arquitectura religiosa producida por el pueblo región Puebla-Tlaxcala _cJosé Antonio Terán Bonilla. |
| 260 |
_aPuebla, México _bGobierno del Estado de Puebla : Secretaría de Cultura : Comisión Puebla V Centenario _c1992 |
||
| 300 |
_a31 p. _bil. _c21 cm. |
||
| 440 | 0 |
_aLecturas Históricas de Puebla _n80 _96445 |
|
| 504 | _aBibliografía: p. 29-31 | ||
| 651 | 4 |
_aPuebla (México) _xEdificios, estructuras, etc. _93182 |
|
| 651 | 4 |
_aTlaxcala (México) _xArquitectura religiosa _96446 |
|
| 942 |
_2lcc _cB |
||
| 999 |
_c1892 _d1892 |
||